| 000 | 01022nam a22003131 4500 | ||
|---|---|---|---|
| 001 | 8112 | ||
| 003 | BD-RjUL | ||
| 005 | 20211208234527.0 | ||
| 008 | 140116s1961 nyua 001 0 eng d | ||
| 035 | _a(BD-RjUL)8157 | ||
| 040 |
_aDLC/ICU _cICU _dDLC _beng |
||
| 041 | _aeng | ||
| 082 | 0 | 0 |
_a522.67 _bALA 1961 |
| 100 | 1 |
_aAller, Lawrence H. _q(Lawrence Hugh), _d1913- _925292 |
|
| 245 | 1 | 4 |
_aThe abundance of the elements / _cLawrence H. Aller |
| 260 |
_aNew York : _bInterscience Publishers, _cc1961. |
||
| 300 |
_a283 p. : _billus. ; _c24 cm. |
||
| 490 | 1 |
_aInterscience monographs and texts in physics and astronomy, _vv. 7 |
|
| 504 | _aIncludes bibliography. | ||
| 650 | 0 |
_aChemical elements. _925293 |
|
| 650 | 0 |
_aMatter _xConstitution. _925294 |
|
| 650 | 0 |
_aStars _xConstitution. _925295 |
|
| 650 | 0 |
_aInterstellar matter. _925296 |
|
| 830 | 0 |
_vv. 7. _925302 |
|
| 830 | 0 |
_aInterscience monographs and texts in physics and astronomy ; _925303 |
|
| 942 |
_2ddc _cBK |
||
| 999 |
_c8112 _d8112 |
||